000 00401nam a2200145Ia 4500
008 231129s1999||||xx |||||||||||||| ||spa||
020 _a958-600-966-1
040 _bspa
082 _a620.658 B642i
100 _aBlank Leland
245 0 _aIngenierí­a económica
260 _c1999
264 _aSantafé de Bogotá Colombia: McGraw-Hill
942 _2ddc
_cBKS
999 _c15688
_d15688